Le chemin de l'est / (Record no. 15255)

MARC details
000 -LEADER
fixed length control field 00515nam a22001937a 4500
008 - FIXED-LENGTH DATA ELEMENTS--GENERAL INFORMATION
fixed length control field 210303s9999 xx 000 0 und d
016 ## - NATIONAL BIBLIOGRAPHIC AGENCY CONTROL NUMBER
Source retro2021
020 ## - INTERNATIONAL STANDARD BOOK NUMBER
ISBN 9783380907
040 ## - CATALOGING SOURCE
Original cataloging agency NLN
Language of cataloging English
Description conventions AACR2
100 ## - MAIN ENTRY--AUTHOR
Author AGBASIERE, Julie
245 ## - TITLE STATEMENT
Title Le chemin de l'est /
Statement of responsibility, etc Julie Agbasiere
260 ## - PUBLICATION, DISTRIBUTION, ETC. (IMPRINT)
Place of publication Enugu State :
Name of publisher Jee- Communications,
Date of publication 1996
300 ## - COLLATION
Pagination 31p. ;
Other physical details 20cm.
563 ## - BINDING INFORMATION
Binding note (pbk)
650 ## - TRACINGS
Main Subject French, Fiction
942 ## - ADDED ENTRY ELEMENTS (KOHA)
Item type Books
050 ## - LIBRARY OF CONGRESS CALL NUMBER
Classification number PQ1264
Item number .A264
082 ## - DEWEY DECIMAL CLASSIFICATION NUMBER
Classification number 843.008
Holdings
Withdrawn status Lost status Source of classification or shelving scheme Damaged status Not for loan Home library Current library Date acquired Total Checkouts Full call number Barcode. Date last seen Price effective from Koha item type
    Library of Congress Classification     IBADAN BRANCH LIBRARY National Library of Nigeria 15/09/2023   PQ1264 .A264 2023-0548 15/09/2023 15/09/2023 Books
    Library of Congress Classification     LAGOS BRANCH National Library of Nigeria 15/09/2023   PQ1264 .A264 2023-0549 15/09/2023 15/09/2023 Books
    Library of Congress Classification     ABUJA LIBRARY BRANCH National Library of Nigeria 15/09/2023   PQ1264 .A264 2023-0550 15/09/2023 15/09/2023 Books

National Library of Nigeria OPAC is powered by Koha